|
|
|
|
| LEADER |
01389nam a2200265 a 4500 |
| 001 |
2073489 |
| 008 |
100520s1992 enk 001 0 eng d |
| 010 |
|
|
|a \\\94113079
|
| 020 |
|
|
|a 0140445641 :
|c £7.99 ($11.95 U.S.)
|
| 040 |
|
|
|a DLC
|c DLC
|d BD-DhAAL
|
| 082 |
0 |
0 |
|a 888/.01
|2 20
|
| 100 |
0 |
|
|a Plutarch.
|
| 240 |
1 |
0 |
|a Moralia.
|l English.
|k Selections
|
| 245 |
1 |
0 |
|a Essays /
|c Plutarch ; translated by Robin Waterfield ; introduced and annotated by Ian Kidd.
|
| 260 |
|
|
|a London :
|b Penguin Books ;
|a New York :
|b Penguin Books USA,
|c 1992.
|
| 300 |
|
|
|a 430 p. ;
|c 20 cm.
|
| 490 |
|
0 |
|a Penguin classics
|
| 504 |
|
|
|a Includes bibliographical references (p. [400]-401) and index.
|
| 505 |
0 |
|
|a On listening -- How to distinguish a flatterer from a friend -- On being aware of moral progress -- Whether military or intellectual exploits have brought Athens more fame -- On the avoidance of anger -- On contentment -- On God's slowness to punish -- On Socrates' personal deity -- In consolation to his wife -- On the use of reason by "irrational" animals.
|
| 541 |
1 |
|
|e 00020266
|
| 650 |
|
0 |
|a Greek essays
|x Translations into English.
|
| 650 |
|
0 |
|a Ethics
|v Early works to 1800.
|
| 852 |
4 |
|
|a Ayesha Abed Library
|j General Shelf
|
| 999 |
|
|
|c 8667
|d 8667
|
| 952 |
|
|
|0 0
|1 0
|2 ddc
|4 0
|6 888_010000000000000_PLU_1992
|7 0
|9 10423
|a BRACUL
|b BRACUL
|c GEN
|d 2010-05-24
|l 0
|o 888.01 PLU
|p 3010020266
|r 2010-05-24
|t 1
|w 2010-05-24
|y BK
|